000 00435nam a2200205Ia 4500
001 12424
003 GE_BSU
008 181216s||||||||xx |||||||||||||| ||und||
020 _a9780099416159
040 _cGE_BSU
080 _a821.111-32
100 _aGrisham,John.
245 2 _aA Painted House.
260 _aLondon.
260 _bArrow.
260 _c2001
300 _a466p;18cm.
653 _aA Painted House.
942 _cBK
999 _c45598
_d45598